Proceedings of the 103rd Indian Science Congress, Mysuru 2016. Part II. Section of plant sciences, 3-7 January 2016, University of mysore, Mysuru, India. Young Scientists award programme (Record no. 44885)

MARC details
000 -LEADER
fixed length control field 00450nam a2200109Ia 4500
082 ## - DEWEY DECIMAL CLASSIFICATION NUMBER
Classification number 5:061(540)
Item number PRO
245 #0 - TITLE STATEMENT
Title Proceedings of the 103rd Indian Science Congress, Mysuru 2016. Part II. Section of plant sciences, 3-7 January 2016, University of mysore, Mysuru, India. Young Scientists award programme
260 ## - PUBLICATION, DISTRIBUTION, ETC. (IMPRINT)
Place of publication Kolkata
Name of publisher Indian Science Congress Association
Year of publication 2016
300 ## - PHYSICAL DESCRIPTION
Number of Pages 47p.
942 ## - ADDED ENTRY ELEMENTS (KOHA)
Koha item type Books
Holdings
Withdrawn status Lost status Damaged status Not for loan Home library Current library Date acquired Source of acquisition Full call number Accession Number Koha item type
        RRII Library RRII Library 16/12/2021 Gift 5:061(540) PRO G01628 Books